Nákup tovaru z členského štátu EÚ podnikateľom (neplatiteľom DPH) na Slovensku

Zdaniteľná osoba ako platiteľ DPH a ako neplatiteľ DPH. Dodávateľ z iného členského štátu. Nadobudnutie tovaru v Slovenskej republike. Registrácia podnikateľa (neplatiteľa DPH). Podanie daňového priznania k dani z pridanej hodnoty. Zrušenie registrácie pre DPH. Praktické príklady.

Salvato in:
Dettagli Bibliografici
Autore principale: Kuceková, Milada
Natura: Capitolo di libro
Lingua:slovacco
Soggetti:
Tags: Aggiungi Tag
Nessun Tag, puoi essere il primo ad aggiungerne!!

MARC

LEADER 00000nla a2200000 4500
001 0206813
005 20240502073431.6
041 0 |a slo 
044 |a SK 
245 1 0 |a Nákup tovaru z členského štátu EÚ podnikateľom (neplatiteľom DPH) na Slovensku  |c Milada Kuceková 
520 |a Zdaniteľná osoba ako platiteľ DPH a ako neplatiteľ DPH. Dodávateľ z iného členského štátu. Nadobudnutie tovaru v Slovenskej republike. Registrácia podnikateľa (neplatiteľa DPH). Podanie daňového priznania k dani z pridanej hodnoty. Zrušenie registrácie pre DPH. Praktické príklady. 
610 2 0 |a dane 
610 2 0 |a dane z hodnoty pridanej 
610 2 0 |a podnikatelia 
610 2 0 |a legislatíva 
610 2 0 |a obchod zahraničný 
610 2 0 |a nákup 
610 2 0 |a dodávatelia 
610 2 0 |a povinnosť daňová 
610 2 0 |a priznania daňové 
610 2 0 |a Európska únia 
610 2 0 |a Slovensko 
100 1 |a Kuceková, Milada